Comida de verdad : alimentación sin mentiras ni trucos /

Bibliographic Details
Main Author: Jara, Miguel, 1971- (Author)
Format: Electronic eBook
Language:Spanish
Published: Tres Cantos, Madrid, España : Akal, [2019]
Series:A fondo (Akal Editor)
Subjects:
Online Access:Digitalia Hispánica

MARC

LEADER 00000nam a2200000 i 4500
001 DIGAKAL0560
003 NyNyDIG
007 cr |||||||||||
008 220610s2019 sp ob 000 0 spa d
006 m o d
035 |a (OCoLC)1335136599 
040 |a DGITA  |b eng  |e rda  |e pn  |c DGITA 
020 |a 9788446047384  |q eBook 
020 |z 9788446047353 
050 1 4 |a RA776.9 ebook 
082 1 4 |a 613 
100 1 |a Jara, Miguel,  |d 1971-  |e author. 
245 1 0 |a Comida de verdad :  |b alimentación sin mentiras ni trucos /  |c Miguel Jara. 
264 1 |a Tres Cantos, Madrid, España :  |b Akal,  |c [2019] 
300 |a 1 online resource. 
336 |a text  |b txt  |2 rdacontent 
337 |a computer  |b c  |2 rdamedia 
338 |a online resource  |b cr  |2 rdacarrier 
347 |a text file  |2 rdaft 
347 |b EPUB 
490 1 |a Akal A fondo 
504 |a Includes bibliographical references . 
588 0 |a Online resource; title from ePub title page (Digitalia, viewed June 10, 2022) 
650 0 |a Food habits. 
650 0 |a Health behavior. 
655 0 |a Electronic books. 
791 2 |a Digitalia (Firm),  |e distributor. 
793 0 |g Digitalia eBook Collection:  |a Akal 
776 0 8 |i Print version:  |a Jara, Miguel, 1971-  |t Comida de verdad.  |d Tres Cantos, Madrid, España : Akal, [2019]  |z 9788446047353 
830 0 |a A fondo (Akal Editor) 
856 4 0 |3 Digitalia Hispánica  |u https://www.digitaliapublishing.com/a/60749/ 
910 |a Premium collection: 2022